000 00568nam a2200193Ia 4500
003 SISC
005 20160901103204.0
008 140321s9999 xx 000 0 und d
020 _a9789814732024
050 _aBF 698
_b.En66 2012
100 _aEngler, Barbara.
245 _aTheories of personality /
_cBarbara Engler.
260 _aPhilippines :
_bCengage Learning,
_c2012.
300 _a524 pages :
_c24 cm.
_billustrations ;
500 _aIncludes bibliographical references and indexes.
650 _aPersonality.
942 _kFOR
_cBK
_2lcc
999 _c300983
_d300983